MS-DOS prakticky aneb co nebylo v manuálu /

Na minha lista:
Detalhes bibliográficos
Autor principal: Herout, Pavel (Author)
Formato: Livro
Idioma:tcheco
Publicado em: České Budějovice : Nakladatelství KOPP, 1991
Edição:3. vyd.
Tags: Adicionar Tag
Sem tags, seja o primeiro a adicionar uma tag!

MARC

LEADER 00000nam a22000003a 4500
001 stu31372
005 20150617225658.2
008 931025s1991----cs------------------cze-d
040 |a STU  |b slo 
041 0 |a cze 
044 |a cs 
080 |a 681.3.066 
100 1 |a Herout, Pavel  |4 aut 
245 1 |a MS-DOS prakticky aneb co nebylo v manuálu /  |c [aut.] Herout,Pavel 
250 |a 3. vyd. 
260 |a České Budějovice :  |b Nakladatelství KOPP,  |c 1991 
300 |a 108 s 
996 |b J87944  |c J*87944  |l JJK18  |s P  |a 0  |w stu31372_0001 
996 |b J88073  |c J*88073  |l JJK3  |s P  |a 0  |w stu31372_0002 
996 |b J88311  |c J*88311  |l JJK6  |s P  |a 0  |w stu31372_0003